[Event "Aeroflot Open B 2017"]
[Site "masterchessopen.com Moscow RUS"]
[Date "2017.02.24"]
[Round "4.21"]
[White "Mirzoyan,David"]
[Black "Hakobyan,Aram"]
[Result "0-1"]
[WhiteElo "2308"]
[BlackElo "2438"]

1.d4 Nf6 2.c4 e6 3.Nf3 d5 4.Bg5 h6 5.Bxf6 Qxf6 6.cxd5 exd5 7.Nc3 c6 8.e3 Bd6
9.Bd3 O-O 10.h3 Qe7 11.Qb3 Nd7 12.O-O Nf6 13.Qc2 Re8 14.Nd2 Nh5 15.Bf5 Bxf5
16.Qxf5 g6 17.Qf3 f5 18.g4 Qg5 19.Qg2 fxg4 20.Qxg4 Qxg4+ 21.hxg4 Nf6 22.g5
hxg5 23.Kg2 g4 24.Rae1 Kf7 25.a3 Rh8 26.Rh1 Rh5 27.Nf1 Rah8 28.Ng3 Bxg3
29.fxg3 Rxh1 30.Rxh1 Rxh1 31.Kxh1 Ne4 32.Nxe4 dxe4 33.Kg2 Ke6 34.Kf2 Kd5
35.Ke2 Kc4 36.Kd2 Kb3 37.Kc1 b5 38.Kb1 a5 39.Kc1 Ka2 40.Kc2 b4 {#R} 0-1

[Event "Aeroflot Open B 2017"]
[Site "masterchessopen.com Moscow RUS"]
[Date "2017.02.24"]
[Round "4.25"]
[White "Pujari,R"]
[Black "Dvalishvili,P"]
[Result "0-1"]
[WhiteElo "2127"]
[BlackElo "2420"]

1.Nf3 Nf6 2.g3 c5 3.Bg2 Nc6 4.O-O d6 5.c4 g6 6.b3 Bg7 7.Bb2 O-O 8.d3 Bd7 9.Nc3
a6 10.e3 Bf5 11.h3 Rb8 12.g4 Bd7 13.d4 b5 14.cxb5 axb5 15.dxc5 dxc5 16.Rc1 c4
17.bxc4 bxc4 18.Ba1 Nb4 19.Ne5 Be6 20.a3 Nd3 21.Nxd3 cxd3 22.g5 Nh5 23.Rb1 Qa5
24.Qxd3 Rbd8 25.Qc2 Rc8 26.Rfc1 Qxg5 27.Ne4 Qh4 28.Nc5 Bf5 29.Qa4 Qxa4 30.Nxa4
Bxb1 31.Rxb1 Rc2 32.Bxg7 Kxg7 33.Rb7 Ra8 34.Rb4 Rd8 35.Rb2 Rd1+ 36.Kh2 Rxb2
37.Nxb2 Rd2 38.Nc4 Rxf2 39.Kg1 Rc2 40.Nb6 Ra2 41.Nc4 Ng3 42.Bc6 Nf5 43.a4 Kf6
44.e4 Nd4 45.Bd7 Nf3+ 46.Kf1 Ne5 {#R} 0-1

[Event "Aeroflot Open B 2017"]
[Site "masterchessopen.com Moscow RUS"]
[Date "2017.02.24"]
[Round "4.26"]
[White "Tran,Minh Thang"]
[Black "Yeritsyan,Aram"]
[Result "1-0"]
[WhiteElo "2420"]
[BlackElo "2182"]

1.d4 Nf6 2.c4 e6 3.Nc3 Bb4 4.e3 O-O 5.Ne2 d5 6.a3 Be7 7.Ng3 c5 8.dxc5 dxc4
9.Qc2 Bxc5 10.Bxc4 Nc6 11.b4 Be7 12.Bb2 a5 13.b5 Ne5 14.Be2 Qc7 15.Rc1 b6
16.O-O Ned7 17.Rfd1 Nc5 18.Na4 Bb7 19.Nxc5 Bxc5 20.Bxf6 gxf6 21.Nh5 Qe5 22.Qc3
Qxc3 23.Rxc3 f5 24.Nf6+ Kg7 25.Nd7 Rfc8 26.Nxc5 Rxc5 27.Rxc5 bxc5 28.Rd7 Bd5
29.Rc7 a4 30.Rxc5 Rd8 31.f3 Kf6 32.b6 Rb8 33.Rb5 Ke7 34.Rb4 Bc6 35.Kf2 Kd6
36.Bd1 f6 37.h4 Ra8 38.Rd4+ Kc5 39.Bxa4 Kxb6 40.Bb3 e5 41.Rd6 Rxa3 42.Bd5 Kc5
43.Rxc6+ Kxd5 44.Rxf6 Ra2+ 45.Kg3 Ra3 46.Rxf5 Rxe3 47.Rh5 Ke6 48.Rh6+ Kf5
49.Kf2 Ra3 50.g4+ {#r} 1-0

[Event "Aeroflot Open B 2017"]
[Site "masterchessopen.com Moscow RUS"]
[Date "2017.02.24"]
[Round "4.33"]
[White "Kjartansson,G"]
[Black "Hakobyan,Hovhannes H."]
[Result "1-0"]
[WhiteElo "2464"]
[BlackElo "2103"]

1.d4 Nf6 2.c4 g6 3.Nf3 Bg7 4.g3 O-O 5.Bg2 d6 6.Nc3 Nbd7 7.O-O e5 8.e4 exd4
9.Nxd4 Re8 10.Qc2 a6 11.Nde2 Rb8 12.a4 Ne5 13.b3 Bd7 14.h3 Qc8 15.Kh2 h5 16.f4
Nc6 17.Bb2 Nb4 18.Qd2 Bc6 19.Rae1 a5 20.Nd4 Nd7 21.Nd5 Bxd5 22.cxd5 Nc5 23.Bc3
c6 24.Bxb4 axb4 25.dxc6 bxc6 26.e5 h4 27.Nxc6 hxg3+ 28.Kxg3 dxe5 29.fxe5 Rb7
30.Qd5 Ne6 31.Kh2 Rd7 32.Qc4 Rd2 33.Ne7+ {#r} 1-0

[Event "Aeroflot Open B 2017"]
[Site "masterchessopen.com Moscow RUS"]
[Date "2017.02.24"]
[Round "4.35"]
[White "Charochkina,D"]
[Black "Sigfusson,S"]
[Result "1-0"]
[WhiteElo "2383"]
[BlackElo "2226"]

1.d4 Nf6 2.Bf4 g6 3.e3 Bg7 4.Nf3 O-O 5.Be2 d6 6.O-O Nbd7 7.h3 c6 8.c3 Nd5
9.Bh2 e5 10.c4 N5b6 11.Nc3 Qe7 12.Rc1 Rd8 13.a4 Nf6 14.a5 Nbd7 15.Qa4 Ne8
16.b4 a6 17.Qa3 f5 18.b5 e4 19.Nd2 c5 20.Nd5 Qf8 21.Nb3 b6 22.Nxb6 Nxb6
23.axb6 cxd4 24.Nxd4 Bxd4 25.exd4 f4 26.c5 f3 27.gxf3 Bxh3 28.Rfe1 axb5
29.Qb3+ {#r} 1-0

[Event "Aeroflot Open B 2017"]
[Site "masterchessopen.com Moscow RUS"]
[Date "2017.02.24"]
[Round "4.36"]
[White "Zhu,Yi"]
[Black "Abhishek,K"]
[Result "0-1"]
[WhiteElo "2317"]
[BlackElo "2381"]

1.d4 Nf6 2.c4 e5 3.dxe5 Ng4 4.Nf3 Bc5 5.e3 Nc6 6.a3 a5 7.Nc3 O-O 8.Bd3 Re8
9.Ne4 Be7 10.Bc2 Ngxe5 11.c5 d5 12.cxd6 cxd6 13.Nd4 Bg4 14.Ne2 d5 15.N4c3 Bf8
16.Qxd5 Qh4 17.h3 Rad8 18.Qb5 Bd7 19.Qd5 Bf5 20.Qb3 Bd3 {#R} 0-1

[Event "Aeroflot Open B 2017"]
[Site "masterchessopen.com Moscow RUS"]
[Date "2017.02.24"]
[Round "4.37"]
[White "Moiseenko,Va"]
[Black "Koepke,C"]
[Result "1-0"]
[WhiteElo "2508"]
[BlackElo "2317"]

1.d4 Nf6 2.c4 g6 3.Nc3 Bg7 4.e4 d6 5.Nge2 O-O 6.Ng3 Nbd7 7.Be2 h5 8.O-O h4
9.Nh1 e5 10.d5 Nh7 11.Be3 f5 12.exf5 gxf5 13.f4 exf4 14.Bxf4 Ne5 15.Nf2 Bd7
16.Qd2 Qf6 17.Rad1 Qg6 18.Kh1 Rae8 19.Rde1 Kh8 20.b4 Rg8 21.Rg1 Ng4 22.Nxg4
fxg4 23.Bd3 Bf5 24.Bxf5 Qxf5 25.Nb5 Rxe1 26.Rxe1 Rf8 27.Be3 Rf7 28.Nd4 Qg6
29.Ne6 Be5 30.Bd4 Qf5 31.Bxe5+ dxe5 32.Qe3 Kg8 33.a4 b6 34.a5 Qc2 35.Rc1 Qf5
36.Nd8 Rf6 37.Nc6 Qf2 38.Qxf2 Rxf2 39.Nxe5 h3 40.Rg1 Re2 41.Nxg4 Rb2 42.axb6
axb6 43.b5 Kf7 44.gxh3 Rc2 45.h4 Ke8 46.Re1+ Kd7 47.Re6 Kc8 48.Ne5 Kb7 49.Rh6
{#r} 1-0

[Event "Aeroflot Open B 2017"]
[Site "masterchessopen.com Moscow RUS"]
[Date "2017.02.24"]
[Round "4.39"]
[White "Levushkina,E"]
[Black "Baghdasaryan,V"]
[Result "0-1"]
[WhiteElo "2306"]
[BlackElo "2462"]

1.e4 c5 2.c3 Nf6 3.e5 Nd5 4.Nf3 b6 5.Bc4 Bb7 6.d4 cxd4 7.Qxd4 e6 8.O-O Qc7
9.Re1 Nc6 10.Qd1 Nce7 11.Bf1 Ng6 12.c4 Nb4 13.Nc3 a6 14.Qe2 Rc8 15.a3 Bxf3
16.gxf3 Nc6 17.f4 Nd4 18.Qe4 Nh4 19.Rd1 Nb3 20.Rb1 Be7 21.Be2 f5 22.exf6 gxf6
23.Bh5+ Kf8 24.f5 Nxf5 25.Nd5 Qxc4 26.Qxc4 Rxc4 27.Nxb6 Rg8+ 28.Kf1 Rh4
29.Nxd7+ Kg7 30.Bf3 Kf7 31.Bb7 Rxh2 32.Bf4 Rh4 33.Bc7 Rhg4 34.Bxa6 Nfd4 35.Bh2
Nf3 36.Bg3 Nfd2+ 37.Kg2 Nxb1 38.Rxb1 Rd4 39.Nb6 Rd6 40.Rh1 Rxb6 41.Rxh7+ Rg7
{#R} 0-1

[Event "Aeroflot Open B 2017"]
[Site "masterchessopen.com Moscow RUS"]
[Date "2017.02.24"]
[Round "4.43"]
[White "Murtazin,Bulat"]
[Black "Danielyan,Vahe"]
[Result "1-0"]
[WhiteElo "2425"]
[BlackElo "2282"]

1.d4 d5 2.c4 dxc4 3.Nf3 Nf6 4.e3 e6 5.Bxc4 a6 6.O-O Nbd7 7.a4 Bd6 8.Re1 O-O
9.e4 e5 10.Bg5 h6 11.Bh4 c6 12.Nbd2 Qe7 13.Qb3 Rb8 14.dxe5 Bxe5 15.Nxe5 Nxe5
16.Bf1 Ng6 17.Bg3 Be6 18.Qc3 Rbd8 19.f4 Bc8 20.f5 Nh8 21.Bh4 b5 22.Nb3 g5
23.fxg6 fxg6 24.e5 Qa7+ 25.Qc5 Qxc5+ 26.Nxc5 g5 27.exf6 gxh4 28.Ne6 Bxe6
29.Rxe6 Rd2 30.Rxc6 Nf7 31.Rxa6 Nd6 32.Bxb5 Nxb5 33.axb5 Rxb2 34.Rb6 Kh8
35.Kh1 Rf2 36.h3 Kh7 37.Kg1 Rb2 38.Rf1 Rb4 39.Rb7+ Kg8 40.Rf5 Rf7 41.Rxf7 Kxf7
42.Kf2 Rb2+ 43.Kf3 Rb4 44.Ke3 Rb2 45.Kd4 {#r} 1-0

[Event "Aeroflot Open B 2017"]
[Site "masterchessopen.com Moscow RUS"]
[Date "2017.02.24"]
[Round "4.45"]
[White "Odeev,H"]
[Black "Narva,M"]
[Result "1-0"]
[WhiteElo "2397"]
[BlackElo "2241"]

1.e4 c5 2.Nf3 d6 3.c3 Nf6 4.h3 g6 5.Bd3 Bg7 6.Bc2 O-O 7.d4 cxd4 8.cxd4 Nc6
9.O-O b6 10.Nc3 Bb7 11.Re1 Na5 12.Bg5 Rc8 13.Qe2 Qd7 14.Bd3 e6 15.Rac1 h6
16.Bf4 d5 17.e5 Ne8 18.h4 Nc6 19.Qe3 h5 20.Ng5 Nc7 21.Bb1 Ne7 22.Rcd1 Nb5
23.Ne2 Nf5 24.Qh3 f6 25.Nf3 Qe7 26.a4 Nc7 27.g3 Bc6 28.exf6 Bxf6 29.Bxc7 Qxc7
30.Nf4 Bd7 31.Nxg6 Rf7 32.Nf4 Ng7 33.Qf1 Qc4 34.Bd3 Qxa4 35.Bg6 Re7 36.Qd3 Qb5
37.Bh7+ Kf8 38.Qg6 Rf7 39.Qh6 Ke7 40.Bd3 Qc6 41.Ng6+ {#r} 1-0

[Event "Aeroflot Open B 2017"]
[Site "masterchessopen.com Moscow RUS"]
[Date "2017.02.24"]
[Round "4.52"]
[White "Zherebtsova,A"]
[Black "Nikolenko,O"]
[Result "0-1"]
[WhiteElo "2186"]
[BlackElo "2490"]

1.d4 Nf6 2.Nf3 g6 3.c4 Bg7 4.Nc3 d5 5.Bf4 O-O 6.e3 c5 7.dxc5 Qa5 8.Qa4 Qxa4
9.Nxa4 Ne4 10.cxd5 Bd7 11.Bd3 Bxa4 12.Bxe4 Nd7 13.Rc1 Bxb2 14.Rc4 Bb5 15.Rc2
Ba3 16.Nd4 Bb4+ 17.Kd1 Ba4 18.c6 bxc6 19.Nb3 Nc5 20.Rc4 a5 21.Bc2 Bxb3 22.axb3
cxd5 23.Rd4 Rfd8 24.Bg3 Rac8 25.h4 Bc3 26.Rf4 e5 27.Rf6 d4 28.exd4 exd4 29.Rd6
d3 30.Bb1 Rxd6 31.Bxd6 Ne4 32.Bg3 Bb2 {#R} 0-1

[Event "Aeroflot Open B 2017"]
[Site "masterchessopen.com Moscow RUS"]
[Date "2017.02.24"]
[Round "4.57"]
[White "Maltsevskaya,Aleksandra"]
[Black "Sabirov,Temirjan"]
[Result "1-0"]
[WhiteElo "2259"]
[BlackElo "2340"]

1.e4 Nc6 2.Nf3 d5 3.exd5 Qxd5 4.Nc3 Qd6 5.h3 Bf5 6.Bb5 O-O-O 7.d3 a6 8.Ba4 Nf6
9.Be3 h6 10.O-O g5 11.Nd2 Ne5 12.Nde4 Nxe4 13.dxe4 Be6 14.Bb3 Bc4 15.Bxc4 Nxc4
16.Qg4+ Qd7 17.Qe2 Qc6 18.b3 Nxe3 19.Qxe3 e6 20.Rad1 Bc5 21.Qg3 Bb4 22.Na4
Qxe4 23.Qg4 Qxg4 24.hxg4 h5 25.gxh5 Rxh5 26.Rxd8+ Kxd8 27.Rd1+ Ke7 28.Nb2 g4
29.g3 Bc5 30.Nd3 Bb6 31.Re1 Rd5 32.Kg2 f6 33.Nf4 Rd6 34.Nd3 e5 35.a4 Rd4
36.Re2 Kd6 37.Nb2 Ke6 38.Nd3 c6 39.Nb2 f5 40.Nc4 {#r} 1-0

[Event "Aeroflot Open B 2017"]
[Site "masterchessopen.com Moscow RUS"]
[Date "2017.02.24"]
[Round "4.58"]
[White "Kathmale,S"]
[Black "Makoveev,Ilya"]
[Result "0-1"]
[WhiteElo "2323"]
[BlackElo "2202"]

1.e4 e5 2.Nf3 Nc6 3.Bb5 a6 4.Ba4 Nf6 5.O-O Be7 6.Qe2 b5 7.Bb3 O-O 8.c3 Bb7
9.Rd1 d5 10.d3 d4 11.cxd4 Nxd4 12.Nxd4 Qxd4 13.Be3 Qd6 14.Nd2 c5 15.Nf1 Rfd8
16.Ng3 g6 17.Rd2 h5 18.Rc1 Rac8 19.Qf3 Rc7 20.Bg5 Kg7 21.Nf1 Bc8 22.Ne3 Be6
23.Qg3 Kh7 24.h4 c4 25.Rdc2 Qxd3 26.Qxe5 Rc5 27.Qf4 Rxg5 28.hxg5 Nxe4 29.Qc7
Rd7 30.Qc6 cxb3 31.axb3 Bxb3 32.Rd1 Qxc2 33.Nxc2 Rxd1+ 34.Kh2 Bd6+ 35.g3 Bd5
36.Qe8 Nf6 {#R} 0-1

[Event "Aeroflot Open B 2017"]
[Site "masterchessopen.com Moscow RUS"]
[Date "2017.02.24"]
[Round "4.59"]
[White "Yandarbiev,R"]
[Black "Murzin,Volodar"]
[Result "1-0"]
[WhiteElo "2311"]
[BlackElo "2079"]

1.d4 Nf6 2.Nf3 g6 3.Nc3 Bg7 4.e4 d6 5.Bc4 O-O 6.Qe2 c6 7.e5 Nd5 8.Bd2 Nxc3
9.Bxc3 d5 10.Bd3 Nd7 11.h4 e6 12.h5 c5 13.Qe3 cxd4 14.Bxd4 f5 15.hxg6 hxg6
16.O-O-O Qe7 17.Rde1 Kf7 18.Rh7 Ke8 19.Nh4 Qf7 20.Qg5 Bf6 21.Qxg6 Bg5+ 22.f4
Bxf4+ 23.Kd1 Qxg6 24.Nxg6 Bg3 25.Nxf8 Kxf8 26.Re2 Kg8 27.Rh3 Bf4 28.g4 Nf8
29.gxf5 exf5 30.e6 Bxe6 31.Rxe6 Nxe6 32.Rh8+ Kf7 33.Rxa8 Nxd4 34.Rxa7 Ke6
35.Rxb7 Bd6 36.a4 Nc6 37.Bxf5+ Kxf5 38.Rb6 {#r} 1-0

[Event "Graz Open A 2017"]
[Site "masterchessopen.com Graz AUT"]
[Date "2017.02.24"]
[Round "6.3"]
[White "Romanov,E"]
[Black "Nguyen,P"]
[Result "1-0"]
[WhiteElo "2644"]
[BlackElo "2433"]

1.d4 Nf6 2.Nf3 g6 3.Bg5 Bg7 4.Nbd2 O-O 5.e4 d5 6.exd5 Nxd5 7.c3 Nd7 8.Bc4 N5b6
9.Bb3 c5 10.O-O cxd4 11.cxd4 Nf6 12.Re1 a5 13.a3 a4 14.Ba2 Nbd5 15.Ne5 Bf5
16.Rc1 Qb6 17.Rc5 Be6 18.Bxf6 exf6 19.Bxd5 Bxd5 20.Nd7 Qd6 21.Nxf8 Bc6 22.Ne4
Qxf8 23.d5 Rd8 24.Qd4 f5 25.Nf6+ Bxf6 26.Qxf6 Re8 27.Rcc1 Bxd5 28.Rxe8 Qxe8
29.Rd1 Qe2 30.Qd8+ {#r} 1-0

[Event "Graz Open A 2017"]
[Site "masterchessopen.com Graz AUT"]
[Date "2017.02.24"]
[Round "6.8"]
[White "Sredojevic,I"]
[Black "Sanal,V"]
[Result "0-1"]
[WhiteElo "2346"]
[BlackElo "2475"]

1.Nf3 Nf6 2.g3 b6 3.Bg2 Bb7 4.O-O e6 5.b3 Be7 6.Bb2 c5 7.c4 O-O 8.d4 cxd4
9.Nxd4 Bxg2 10.Kxg2 d5 11.cxd5 Qxd5+ 12.Nf3 Qb7 13.Nd2 Rd8 14.Rc1 Ne4 15.Kg1
Bb4 16.Qc2 Nxd2 17.Nxd2 Bxd2 18.Rfd1 Bg5 19.Qc3 Rxd1+ 20.Rxd1 f5 21.Rd6 Na6
22.Qc4 Rf8 23.h4 Bh6 24.Qxe6+ Qf7 25.Qe5 Re8 26.Qd4 Nc7 27.Rxh6 Nb5 28.Qd3
gxh6 29.Qxb5 Qe6 30.Qd3 Kf7 31.Qd4 Kg6 32.Qg7+ Kh5 33.e3 Rd8 34.Bd4 Rd7 35.Qf8
Kg4 36.Qa8 Qe4 37.Qc8 Kh3 38.Kf1 Rd6 {#R} 0-1

[Event "Graz Open A 2017"]
[Site "masterchessopen.com Graz AUT"]
[Date "2017.02.24"]
[Round "6.11"]
[White "Huber,Mart AUT"]
[Black "Ragger,M"]
[Result "0-1"]
[WhiteElo "2393"]
[BlackElo "2703"]

1.e4 e6 2.d4 d5 3.Nc3 Nf6 4.e5 Nfd7 5.f4 c5 6.Nf3 Nc6 7.Be3 Be7 8.dxc5 Bxc5
9.Bxc5 Nxc5 10.Qd2 a6 11.a3 O-O 12.b4 Nd7 13.Bd3 f6 14.exf6 Nxf6 15.O-O Bd7
16.Na4 b6 17.Qf2 Rb8 18.Rae1 Qc7 19.Qh4 Nd8 20.Nb2 Qc3 21.Nd1 Qxa3 22.Ne5 h6
23.Re3 Qxb4 24.Rg3 Bb5 25.Qxh6 Rb7 26.Qh4 Bxd3 27.cxd3 Nh7 28.Ng6 Rf6 29.Ne3
Nf7 30.Rc1 Rb8 31.Qg4 Nh6 32.Qh5 Nf8 33.Ne5 Rb7 34.Nc6 Qd6 35.Qe8 Rc7 36.Rc2
Nf5 37.Ng4 Rff7 38.Rh3 Qxf4 39.Nge5 Nd6 40.Rh8+ Kxh8 41.Ng6+ Kh7 {#R} 0-1

[Event "Graz Open A 2017"]
[Site "masterchessopen.com Graz AUT"]
[Date "2017.02.24"]
[Round "6.13"]
[White "Socko,B"]
[Black "Eggleston,D"]
[Result "1-0"]
[WhiteElo "2598"]
[BlackElo "2387"]

1.c4 Nf6 2.Nc3 e6 3.Nf3 Bb4 4.Qb3 c5 5.a3 Ba5 6.g3 O-O 7.Bg2 Nc6 8.O-O d5 9.d3
h6 10.Na4 b6 11.Qc2 Bb7 12.Rb1 Qe7 13.b3 a6 14.cxd5 exd5 15.d4 Ne4 16.dxc5
bxc5 17.Nxc5 Nxc5 18.b4 Ne6 19.bxa5 Ned4 20.Nxd4 Nxd4 21.Qb2 Nxe2+ 22.Kh1 Bc6
23.Be3 Bb5 24.Rfe1 Rac8 25.Bd4 f6 26.Bxd5+ Kh8 27.Bf3 Rfe8 28.Be3 Nc3 29.Rbc1
Na4 30.Qb3 Rxc1 31.Rxc1 Qd7 32.Kg2 Rc8 33.Rxc8+ Qxc8 34.Qd5 Nc3 35.Qc5 Qxc5
36.Bxc5 Kg8 37.Bb4 Ne2 38.Bd5+ Kh7 39.Kf3 Nd4+ 40.Ke4 Nc6 41.Be6 Nd8 42.Bc8 h5
43.Kd5 h4 44.Kc5 g5 45.Kb6 Nf7 46.gxh4 gxh4 47.Bxa6 Bxa6 48.Kxa6 h3 49.Kb5
{#r} 1-0

[Event "Graz Open A 2017"]
[Site "masterchessopen.com Graz AUT"]
[Date "2017.02.24"]
[Round "6.16"]
[White "Hauge,Lars Oskar"]
[Black "Kokol,P"]
[Result "1-0"]
[WhiteElo "2450"]
[BlackElo "2351"]

1.e4 g6 2.d4 Bg7 3.Nf3 d6 4.h3 Nf6 5.Nc3 c6 6.a4 O-O 7.a5 Nbd7 8.e5 dxe5
9.dxe5 Nd5 10.Nxd5 cxd5 11.Bf4 Nc5 12.Be2 h6 13.O-O g5 14.Bh2 Bf5 15.Nd4 Bg6
16.Bh5 Qd7 17.Bxg6 fxg6 18.Re1 e6 19.Qg4 Qe7 20.h4 Rae8 21.hxg5 h5 22.Qh4 Bh6
23.Nf3 Rxf3 24.gxf3 Bxg5 25.Qd4 Rf8 26.b4 Na6 27.b5 Nb4 28.Re2 Rxf3 29.Ra4 Be3
30.fxe3 Qg5+ 31.Rg2 Qf5 32.Qd1 d4 33.Rxb4 {#r} 1-0

[Event "Graz Open A 2017"]
[Site "masterchessopen.com Graz AUT"]
[Date "2017.02.24"]
[Round "6.22"]
[White "Van Zyl-Rudd,Jack"]
[Black "Freitag,Ma"]
[Result "0-1"]
[WhiteElo "2041"]
[BlackElo "2393"]

1.d4 Nf6 2.c4 c5 3.d5 e6 4.Nc3 exd5 5.cxd5 d6 6.Nf3 g6 7.g3 Bg7 8.Bg2 O-O
9.O-O Re8 10.Bf4 Bf5 11.Nh4 Bg4 12.h3 Nh5 13.Bxd6 Bxe2 14.Nxe2 Qxd6 15.Nc3 Nd7
16.Nf5 gxf5 17.Qxh5 Qg6 18.Qxg6 hxg6 19.d6 Rab8 20.Rfe1 Red8 21.Rad1 Ne5
22.Na4 b6 23.b3 Nd7 24.Re3 Bd4 25.Re2 Nf6 26.b4 Rxd6 27.bxc5 Bxf2+ 28.Kxf2
Rxd1 29.c6 Rc1 30.Re7 b5 31.c7 Rc8 {#R} 0-1

[Event "Graz Open A 2017"]
[Site "masterchessopen.com Graz AUT"]
[Date "2017.02.24"]
[Round "6.23"]
[White "Gundavaa,B"]
[Black "Niemi,M"]
[Result "1-0"]
[WhiteElo "2479"]
[BlackElo "2253"]

1.d4 d6 2.e4 g6 3.Nc3 Bg7 4.Be3 a6 5.h4 h5 6.Qd2 b5 7.f3 Nd7 8.Nh3 c5 9.Ng5
cxd4 10.Bxd4 Ngf6 11.O-O-O O-O 12.g4 Qa5 13.gxh5 b4 14.Nb1 Nxh5 15.Bxg7 Kxg7
16.Bc4 Rb8 17.f4 Nb6 18.Bb3 Qc5 19.Rhg1 f5 20.Rge1 e5 21.fxe5 dxe5 22.Be6 Nf4
23.exf5 Rxf5 24.Ne4 Qc6 25.Bxf5 Nc4 26.Qd8 Bxf5 27.Qxb8 Nd5 28.Qa7+ Kf8
29.Rxd5 {#r} 1-0

[Event "Graz Open A 2017"]
[Site "masterchessopen.com Graz AUT"]
[Date "2017.02.24"]
[Round "6.26"]
[White "Christiansen,Johan-Sebastian"]
[Black "Ivic,Velimir"]
[Result "0-1"]
[WhiteElo "2432"]
[BlackElo "2286"]

1.Nf3 d5 2.c4 d4 3.e3 Nc6 4.exd4 Nxd4 5.Nxd4 Qxd4 6.Nc3 c6 7.d3 Nh6 8.h3 Nf5
9.Ne2 Qd8 10.d4 e6 11.a3 c5 12.d5 exd5 13.cxd5 Be7 14.Nf4 O-O 15.Bd3 Bf6
16.O-O g6 17.Rb1 Nd6 18.Qc2 b6 19.b4 c4 20.Bxc4 Nxc4 21.Qxc4 Bf5 22.Rb3 Rc8
23.Qa6 Qd6 24.g3 Be5 25.Kh2 Rxc1 26.Rxc1 Bxf4 27.Rc4 Be5 28.Qb7 Rd8 29.f4 Bf6
30.g4 Bd7 31.b5 Qe7 32.Rc2 Qe4 33.Rf2 Bd4 34.Qc7 Re8 35.Rg2 Qxd5 36.Rd2 Bg1+
37.Kxg1 Qxd2 {#R} 0-1

[Event "Graz Open A 2017"]
[Site "masterchessopen.com Graz AUT"]
[Date "2017.02.24"]
[Round "6.29"]
[White "Schoppen,Casper"]
[Black "Risting,Eivind Olav"]
[Result "1-0"]
[WhiteElo "2405"]
[BlackElo "2268"]

1.e4 c6 2.d4 d5 3.Nc3 dxe4 4.Nxe4 Bf5 5.Ng3 Bg6 6.h4 h6 7.Nf3 Nd7 8.h5 Bh7
9.Bd3 Bxd3 10.Qxd3 e6 11.Bd2 Ngf6 12.O-O-O Be7 13.Kb1 c5 14.Ne4 O-O 15.dxc5
Nxc5 16.Nxc5 Bxc5 17.Qe2 Qb6 18.Ne5 Rfd8 19.Nd3 Rd5 20.g4 Rc8 21.Ka1 a5 22.f4
Nh7 23.g5 hxg5 24.fxg5 Nxg5 25.h6 Bd4 26.c3 Bf6 27.hxg7 Bxg7 28.Nf4 Rb5 29.Be3
Qc6 30.Rc1 a4 31.a3 Rb3 32.Rhg1 Qb5 33.Rxg5 Qxg5 34.Rg1 Qf5 35.Qg2 Kf8
36.Qxg7+ Ke7 37.Ng6+ Kd7 38.Rd1+ Kc7 39.Ne7 Qh5 40.Bf4+ Kb6 41.Nxc8+ {#r} 1-0

[Event "Graz Open A 2017"]
[Site "masterchessopen.com Graz AUT"]
[Date "2017.02.24"]
[Round "6.33"]
[White "Szotkowski,J"]
[Black "Tomerlin,S"]
[Result "0-1"]
[WhiteElo "2390"]
[BlackElo "2190"]

1.d4 d6 2.Nf3 g6 3.c4 Bg7 4.Nc3 Nc6 5.d5 Ne5 6.Nxe5 Bxe5 7.g3 Bg7 8.Bg2 Nf6
9.O-O O-O 10.e4 Bg4 11.f3 Bd7 12.f4 c6 13.h3 Qb6+ 14.Kh2 Qb4 15.e5 Ne8 16.Qe2
e6 17.Bd2 exd5 18.cxd5 dxe5 19.fxe5 cxd5 20.Nxd5 Qxb2 21.Rab1 Qxe5 22.Qxe5
Bxe5 23.Rxb7 Be6 24.Ne7+ Kg7 25.Rb5 Rd8 26.Ba5 Bc7 27.Bc3+ f6 28.Nd5 Bxd5
29.Bxd5 Nd6 30.Rc5 Bb6 31.Rc6 Nb5 32.Bb4 Rxd5 33.Bxf8+ Kxf8 34.Rcxf6+ Kg7
35.Rf7+ Kh6 36.h4 Nd6 37.Rd7 Rf5 38.Re1 Rf2+ 39.Kh3 Nf5 40.Rd3 Rxa2 41.g4 Nxh4
42.Re7 Bf2 43.g5+ Kxg5 44.Rxh7 Nf5 45.Rh8 Bg1 {#R} 0-1

[Event "Graz Open A 2017"]
[Site "masterchessopen.com Graz AUT"]
[Date "2017.02.24"]
[Round "7.5"]
[White "Postny,E"]
[Black "Costachi,M"]
[Result "1-0"]
[WhiteElo "2601"]
[BlackElo "2430"]

1.d4 Nf6 2.c4 g6 3.Nc3 Bg7 4.e4 d6 5.h3 O-O 6.Be3 c5 7.d5 e6 8.Bd3 exd5 9.exd5
Bf5 10.Bxf5 gxf5 11.Qc2 Ne4 12.Nxe4 fxe4 13.Qxe4 f5 14.Qc2 Na6 15.Ne2 Be5
16.Nf4 Qf6 17.O-O Kh8 18.Ne6 f4 19.Nxf8 Rxf8 20.Bd2 Rg8 21.Bc3 Rxg2+ 22.Kxg2
Qg5+ 23.Kh1 Qh5 24.Bxe5+ dxe5 25.Kh2 {#r} 1-0

[Event "Graz Open A 2017"]
[Site "masterchessopen.com Graz AUT"]
[Date "2017.02.24"]
[Round "7.11"]
[White "Bao,Q"]
[Black "Hauge,Lars Oskar"]
[Result "0-1"]
[WhiteElo "2376"]
[BlackElo "2450"]

1.d4 Nf6 2.Nf3 c5 3.g3 e6 4.Bg2 Nc6 5.O-O cxd4 6.Nxd4 Qb6 7.Nxc6 dxc6 8.Nd2 e5
9.b3 Be6 10.Bb2 Rd8 11.Qc1 Bb4 12.c3 Bc5 13.Qc2 O-O 14.e4 Ng4 15.Nf3 f5 16.Ng5
Bxf2+ 17.Rxf2 fxe4 18.Rf1 Nxf2 19.Rxf2 Rxf2 20.Qxf2 e3 {#R} 0-1

[Event "Graz Open A 2017"]
[Site "masterchessopen.com Graz AUT"]
[Date "2017.02.24"]
[Round "7.13"]
[White "Nurkiewicz,M"]
[Black "Yilmaz,M"]
[Result "0-1"]
[WhiteElo "2376"]
[BlackElo "2621"]

1.e4 c5 2.Nf3 d6 3.d4 cxd4 4.Nxd4 Nf6 5.Nc3 a6 6.Be3 e5 7.Nb3 Be6 8.f4 exf4
9.Bxf4 Nc6 10.Qd2 d5 11.O-O-O Bb4 12.Qe3 d4 13.Nxd4 Bc5 14.Nce2 Qb6 15.c3 Bxa2
16.Qf3 O-O 17.Nxc6 Qxc6 18.e5 Bd5 19.Qd3 Be4 20.Qc4 Be3+ {#R} 0-1

[Event "Graz Open A 2017"]
[Site "masterchessopen.com Graz AUT"]
[Date "2017.02.24"]
[Round "7.14"]
[White "Lemos,D"]
[Black "Sredojevic,I"]
[Result "1-0"]
[WhiteElo "2480"]
[BlackElo "2346"]

1.d4 Nf6 2.Nf3 e6 3.c4 d5 4.Nc3 Be7 5.Bf4 O-O 6.a3 c6 7.e3 Nbd7 8.Qc2 dxc4
9.Bxc4 b5 10.Bd3 b4 11.axb4 Bxb4 12.O-O Bb7 13.e4 c5 14.Na2 Rc8 15.Nxb4 cxb4
16.Qe2 Qb6 17.Rfd1 Rfe8 18.h3 Nf8 19.Nd2 Red8 20.Be3 a5 21.Nc4 Qc7 22.d5 exd5
23.Bb6 Qc6 24.Bxd8 dxc4 25.Bb1 a4 26.Be7 Qb5 27.Qe1 a3 28.Bxb4 axb2 29.Ra2 Ng6
30.Rxb2 Nf4 31.Qd2 Ng6 32.Bc3 Qc6 33.f3 Nh5 34.Qd7 Qxd7 35.Rxd7 Bc6 36.Rd6 h6
37.Rb4 Be8 38.Rdb6 Rc5 39.Rb8 Kf8 40.R4b6 {#r} 1-0

[Event "Graz Open A 2017"]
[Site "masterchessopen.com Graz AUT"]
[Date "2017.02.24"]
[Round "7.18"]
[White "Nguyen,P"]
[Black "Tuncer,Tuna"]
[Result "1-0"]
[WhiteElo "2433"]
[BlackElo "2298"]

1.c4 g6 2.g3 Bg7 3.Bg2 e5 4.Nc3 d6 5.e4 Ne7 6.Nge2 Nbc6 7.O-O Be6 8.Nd5 O-O
9.d3 f5 10.Be3 Qd7 11.Qd2 Rae8 12.Rae1 Kh8 13.b3 a6 14.d4 fxe4 15.Nxe7 Nxe7
16.d5 Bg4 17.Nc3 Bf3 18.Nxe4 Bxe4 19.Bxe4 Nf5 20.b4 Qa4 21.Qb2 Re7 22.Kg2 Ref7
23.h4 Qd7 24.f3 Nd4 25.Qd2 Nf5 26.Rh1 h5 27.Qd3 Nxe3+ 28.Qxe3 Rf6 29.Re2 Qf7
30.Rf1 Rg8 31.c5 Qf8 32.cxd6 Bh6 33.Qa7 Rxd6 34.Qxb7 Rg7 35.Qa7 Rb6 36.Rc2 Qd8
37.Rd1 g5 38.d6 cxd6 39.Rc8 Qxc8 40.Qxb6 gxh4 41.Rxd6 Bg5 42.Rh6+ {#r} 1-0

[Event "Graz Open A 2017"]
[Site "masterchessopen.com Graz AUT"]
[Date "2017.02.24"]
[Round "7.22"]
[White "Chylewski,Patryk"]
[Black "Tica,Sven"]
[Result "1-0"]
[WhiteElo "2055"]
[BlackElo "2384"]

1.d4 d5 2.c4 e6 3.Nc3 Be7 4.Bf4 Nf6 5.e3 O-O 6.Nf3 Nbd7 7.Rc1 a6 8.cxd5 exd5
9.Bd3 c5 10.O-O c4 11.Bb1 b5 12.e4 dxe4 13.Nxe4 Bb7 14.Ng3 Nd5 15.Bd2 Qb6
16.Nf5 Bf6 17.Bg5 Bxg5 18.Nxg5 N7f6 19.Re1 Rfe8 20.Re5 Nf4 21.Rc3 Rad8 22.Ne7+
Kf8 23.Rce3 Nxg2 24.Qh5 Rxe7 25.Rxe7 Nxh5 26.Nxh7+ {#r} 1-0